书目信息 |
| 题名: |
中国民间舞的保护与传承
|
|
| 作者: | 闫杰 著 | |
| 分册: | ||
| 出版信息: | 北京 现代出版社 2018.7 |
|
| 页数: | 145页 | |
| 开本: | 21cm | |
| 丛书名: | ||
| 单 册: | ||
| 中图分类: | J722.21 | |
| 科图分类: | ||
| 主题词: | 民间舞蹈--研究--中国 | |
| 电子资源: | ||
| ISBN: | 978-7-5143-7259-5 | |
| 000 | 00895nam0 2200229 45 | |
| 001 | 012001008217 | |
| 005 | 20131022115612.0 | |
| 010 | @a978-7-5143-7259-5@dCNY29.80 | |
| 100 | @a20180814d2018 em y0chiy0110 ea | |
| 101 | 0 | @achi |
| 102 | @aCN@b110000 | |
| 105 | @ay z 000yy | |
| 106 | @ar | |
| 200 | 1 | @a中国民间舞的保护与传承@9zhong guo min jian wu de bao hu yu chuan cheng@f闫杰著 |
| 210 | @a北京@c现代出版社@d2018.7 | |
| 215 | @a145页@d21cm | |
| 330 | @a本书主要介绍了舞蹈的起源和分类,介绍了藏族民间舞、蒙古族民间舞、维吾尔族民间舞、朝鲜族民间舞、傣族民间舞、东北秧歌、云南花灯、山东鼓子秧歌、胶州秧歌等舞蹈形式,包括专业训练、基本动作、教学提示和作品欣赏等内容。对广大从事民间舞蹈教学和研究工作者有一定的参考价值。 | |
| 606 | 0 | @a民间舞蹈@x研究@y中国 |
| 690 | @aJ722.21@v5 | |
| 701 | 0 | @a闫杰@9yan jie@4著 |
| 801 | 2 | @aCN@b上海新华@c20191020 |
| 905 | @b1178130-3@dJ722.21@e237@f4 | |
| 中国民间舞的保护与传承/闫杰著.-北京:现代出版社,2018.7 |
| 145页;21cm |
| ISBN 978-7-5143-7259-5:CNY29.80 |
| 本书主要介绍了舞蹈的起源和分类,介绍了藏族民间舞、蒙古族民间舞、维吾尔族民间舞、朝鲜族民间舞、傣族民间舞、东北秧歌、云南花灯、山东鼓子秧歌、胶州秧歌等舞蹈形式,包括专业训练、基本动作、教学提示和作品欣赏等内容。对广大从事民间舞蹈教学和研究工作者有一定的参考价值。 |
| ● |
| 相关链接 |
|
|
|
|
正题名:中国民间舞的保护与传承
索取号:J722.21/237
 
预约/预借
| 序号 | 登录号 | 条形码 | 馆藏地/架位号 | 状态 | 备注 |
| 1 | 1178130 | 211781302 | 第一样本阅览室/ [索取号:J722.21/237] | 在馆 | |
| 2 | 1178131 | 211781311 | 第一借阅区/ [索取号:J722.21/237] | 在馆 | |
| 3 | 1178132 | 211781320 | 第一借阅区/ [索取号:J722.21/237] | 在馆 | |
| 4 | 1178133 | 211781339 | 第一借阅区/ [索取号:J722.21/237] | 在馆 |